M. Necati Özkan (1899-1970) (Record no. 8606)

MARC details
000 -BAŞLIK
Sabit Uzunlukta Kontrol Alanı 00923na a2200301 4500
001 - KONTROL NUMARASI
Denetim Alanı 15023
003 - KONTROL NUMARASI IDENTIFIER
Denetim Alanı MIRAKIL
005 - SON İŞLEM TARİHİ VE ZAMANI
Denetim Alanı 20181213155218.0
008 - SABİT-BOY VERİ ELEMANLARI - GENEL BİLGİLER
Sabit Uzunlukta Kontrol Alanı 160917b tu 000 0
020 ## - ULUSLARARASI STANDART KİTAP NUMARASI
Uluslararası Standart Kitap Numarası 9754067244
035 ## - SİSTEM KONTROL NUMARASI
Sistem Kontrol Numarası 15023
040 ## - KATALOGLAMA KAYNAK
Orijinal Kataloglama Ajansı Milas
Kataloglama Dili tur
Metne Dönüştürmek Ajansı TR-AnCHP
082 ## - DEWEY ONLU SINIFLANDIRMA NUMARASI
Sınıflandırma Numarası 956.93 Özkan,M.N.
Ürün Numarası B56m 2001
090 ## - SINIFLAMA NUMARASI
Sınıflama Numarası 956.93 Özkan,M.N. B56m 2001
100 ## - ANA GİRİŞ - KİŞİSEL İSİM
Kişisel Ad Birinci, Ergin M.
245 ## - BAŞLIK TABLOSU
Başlık M. Necati Özkan (1899-1970)
Başlığın Kalan IV.cilt
Sorumluluk Tablosu, Vb Ergin M.Birinci;derleyen Ahmet Necati Özkan
246 ## - UNVAN FORM VARYING
Başlık Doğru / Kısa Başlığı IV.cilt
260 ## - YAYIN, DAĞITIM, VB
Yayın, Dağıtım, Vb Yeri İstanbul
Yayıncı, Dağıtıcı, Vs Adı Cem yayınevi
Yayın, Dağıtım, Vb Tarihi 2001
300 ## - FİZİKSEL TANIM
Kapsam 451 s.
Diğer Fiziksel Ayrıntıları res.
Boyutlar 23 sm.
500 ## - GENEL NOT
Genel Not Kütüphanemizde 3.cilt de bulunmaktadır.
500 ## - GENEL NOT
Genel Not c.<c.4,451 s.>
504 ## - KAYNAKÇA VB NOT
Kaynakça Vb Notu Dizin var.
600 ## - KONU KATMA GİRİŞ - KURUMSAL ADI
Kişisel Ad Özkan,M.Necati
Genel Alt Bölümü Siyasal yaşam
650 ## - KONU KATMA GİRİŞ - TOPİKAL DÖNEM
Topikal Süreli Veya Coğrafi Ad Giriş Elemanı Devlet adamları
Genel Alt Bölümü Yaşamöyküsü
Coğrafi Alt Bölümü KKTC
651 ## - KONU KATMA GİRİŞ - COĞRAFİ ADI
Coğrafi İsim Kıbrıs
Genel Alt Bölümü Siyaset ve yönetim
700 ## - KATMA GİRİŞ - KİŞİSEL İSİM
Kişisel Ad Özkan,Ahmet Necati
942 ## - EKLENDİ GİRİŞ ELEMANLARI (KOHA)
Sınıflandırma Veya Raf Düzeni Kaynak Dewey Decimal Classification
Koha Öğesi Türü Books
999 ## - SİSTEM KONTROL NUMARALARI (KOHA)
Koha Biblionumber 8606
Koha Biblioitemnumber 8606
Holdings
Kalıcı Konum Mevcut Konum Edinme Tarihi Edinim Kaynak Toplam Check-Out'Lar Tam Çağrı Numarası Barkod Tarih Son Görülme İtibaren Geçerli Fiyatlar Koha Öğesi Türü
CHP Kütüphanesi CHP Kütüphanesi 09/03/2016 Bağış   956.93 Özkan,M.N. B56m 2001 003230 09/03/2016 09/03/2016 Books